• 首页
  • 本馆介绍
  • 公告通知
  • 最新文献
  • 馆藏检索
  • 电子资源
  • 读者导购
  • 参考咨询
  • 我的图书馆
  • 登录
  • 详细信息显示
  • 放入我的书架
  • 预约/预借图书
  • 作者相关作品
  • 分类相关作品
  • 丛书相关作品
  • 出版社相关作品

书目信息

  • 表格格式
  • 工作单格式
  • 卡片格式
题名:
毛泽东中苏结盟之行
    
 
作者: 唐灏 著
分册:  
出版信息: 北京   中国工人出版社  2005
页数: 218页
开本: 23cm
丛书名: 华夏使者三部曲
单 册:
中图分类: I253.1 , A752
科图分类:
主题词: 报告文学--中国--现代 , 报告文学 , 毛泽东--生平事迹 , 毛泽东--传记
电子资源:
ISBN: 7-5008-3510-8
000 00931oam2 2200301 450
001 1235117999
005 20120928094829.89
010    @a7-5008-3510-8@dCNY22.00
100    @a20050221d2005 em y0chiy50 ea
101 0  @achi
102    @aCN@b110000
105    @ay z 000yd
106    @ar
200 1  @a毛泽东中苏结盟之行@f唐灏著@Amao ze dong zhong su jie meng zhi xing
210    @a北京@c中国工人出版社@d2005
215    @a218页@d23cm
225 2  @a华夏使者三部曲
330    @a本书集政治性、史实性、艺术性、故事性为一体,再现了毛泽东、刘少奇、周恩来、李富春等党和国家领导人的风采。
461  0 @1001002333765
606 0  @a报告文学@y中国@z现代
606 0  @a报告文学
606 0  @a毛泽东@x生平事迹
606 0  @a毛泽东@x传记
690    @aI253.1@v4
690    @aA752@v4
701  0 @a唐灏@f(1945~)@4著@Atang hao
801  0 @aCN@b大连网信软件有限公司图书馆·11@c20120928
905    @a10447@dA752@eJY46
    
    毛泽东中苏结盟之行/唐灏著.-北京:中国工人出版社,2005
    218页;23cm .-(华夏使者三部曲 )
    
    
    ISBN 7-5008-3510-8:CNY22.00
    本书集政治性、史实性、艺术性、故事性为一体,再现了毛泽东、刘少奇、周恩来、李富春等党和国家领导人的风采。
●
相关链接 在E读中查询图书 在五车中查询图书 在当当中查询图书 在豆瓣中查询图书


正题名:毛泽东中苏结盟之行     索取号:A752/JY46         预约/预借

序号 登录号 条形码 馆藏地/架位号 状态 备注
1 7809362   278093625   学院路分馆/ [索取号:A752/JY46] 在馆    
2 7809363   278093634   学院路分馆/ [索取号:A752/JY46] 在馆    
3 7809364   278093643   学院路分馆/ [索取号:A752/JY46] 在馆    
4 7809365   278093652   学院路分馆/ [索取号:A752/JY46] 在馆    
唐山师范学院图书馆 欢迎您!
大连网信软件有限公司© 版权所有